000 00253 a2200109 4500
001 63362
082 _a621.811 KEP
090 _c37413
_d37413
100 _aKelpher, H.B
245 _aBasic Graphic Kinematics
_hEnglish
260 _aIndia
_bMcgraw Hill
942 _aCAE NUST
_k621.811 KEP
999 _c298435
_d298435